<?xml version="1.0" encoding="UTF-8"?>
<record
    xmlns:xsi="http://www.w3.org/2001/XMLSchema-instance"
    xsi:schemaLocation="http://www.loc.gov/MARC21/slim http://www.loc.gov/standards/marcxml/schema/MARC21slim.xsd"
    xmlns="http://www.loc.gov/MARC21/slim">

  <leader>01442nam a2200337 a 4500</leader>
  <controlfield tag="001">BRL_1274</controlfield>
  <controlfield tag="005">20190320211125.0</controlfield>
  <controlfield tag="008">171213t1983----cn-aob####---#000-0#eng-#</controlfield>
  <datafield tag="020" ind1=" " ind2=" ">
    <subfield code="a">0888543018</subfield>
  </datafield>
  <datafield tag="041" ind1=" " ind2=" ">
    <subfield code="a">eng</subfield>
  </datafield>
  <datafield tag="044" ind1=" " ind2=" ">
    <subfield code="a">cn</subfield>
  </datafield>
  <datafield tag="050" ind1=" " ind2="4">
    <subfield code="a">HF3752</subfield>
    <subfield code="b">.V65 1983</subfield>
  </datafield>
  <datafield tag="100" ind1="1" ind2=" ">
    <subfield code="a">Vollmer, John E.</subfield>
    <subfield code="d">1945-</subfield>
    <subfield code="9">26342</subfield>
  </datafield>
  <datafield tag="245" ind1="1" ind2="0">
    <subfield code="a">Silk roads, China Ships</subfield>
    <subfield code="c">John E. Vollmer, E. J. Keall [and] E. Nagai-Berthrong.</subfield>
  </datafield>
  <datafield tag="260" ind1=" " ind2=" ">
    <subfield code="a">Toronto, Ontario</subfield>
    <subfield code="b">Royal Ontario Museum</subfield>
    <subfield code="c">1983</subfield>
  </datafield>
  <datafield tag="300" ind1=" " ind2=" ">
    <subfield code="a">xvi, 240 p.</subfield>
    <subfield code="b">il., mapas, fotograf&#xED;as</subfield>
    <subfield code="c">26 cm.</subfield>
  </datafield>
  <datafield tag="500" ind1=" " ind2=" ">
    <subfield code="a">Au1657</subfield>
  </datafield>
  <datafield tag="500" ind1=" " ind2=" ">
    <subfield code="a">An exhibition of East-West Trade. Skil Roads, China Ships Will be on view at the Royal Ontario Museum, Toronto, from 10 september 1983 to 8 January 1984</subfield>
  </datafield>
  <datafield tag="504" ind1=" " ind2=" ">
    <subfield code="a">Bibliograf&#xED;a: p. 175.</subfield>
  </datafield>
  <datafield tag="650" ind1="1" ind2="4">
    <subfield code="a">Manufacturas</subfield>
    <subfield code="v">Exposiciones</subfield>
    <subfield code="x">Influencias extranjeras -Historia</subfield>
    <subfield code="z">Asia</subfield>
    <subfield code="9">26343</subfield>
  </datafield>
  <datafield tag="650" ind1="1" ind2="4">
    <subfield code="a">Manufacturas</subfield>
    <subfield code="v">Exposiciones</subfield>
    <subfield code="x">Influencias extranjeras -Historia</subfield>
    <subfield code="z">Europa</subfield>
    <subfield code="9">26344</subfield>
  </datafield>
  <datafield tag="650" ind1="1" ind2="4">
    <subfield code="a">Arte decorativo</subfield>
    <subfield code="v">Exposiciones</subfield>
    <subfield code="z">Europa</subfield>
    <subfield code="9">26345</subfield>
  </datafield>
  <datafield tag="650" ind1="1" ind2="4">
    <subfield code="a">Arte decorativo</subfield>
    <subfield code="v">Exposiciones</subfield>
    <subfield code="z">Asia</subfield>
    <subfield code="9">26346</subfield>
  </datafield>
  <datafield tag="651" ind1=" " ind2="4">
    <subfield code="a">Asia</subfield>
    <subfield code="v">Exposiciones</subfield>
    <subfield code="x">Comercio - Influencias extranjeras -Historia</subfield>
    <subfield code="9">26347</subfield>
  </datafield>
  <datafield tag="651" ind1=" " ind2="4">
    <subfield code="a">Europa</subfield>
    <subfield code="v">Exposiciones</subfield>
    <subfield code="x">Comercio - Influencias extranjeras -Historia</subfield>
    <subfield code="9">26348</subfield>
  </datafield>
  <datafield tag="700" ind1="1" ind2=" ">
    <subfield code="a">Keall, E. J.</subfield>
    <subfield code="d">1939-</subfield>
    <subfield code="q">(Edward John)</subfield>
    <subfield code="9">26349</subfield>
  </datafield>
  <datafield tag="700" ind1="1" ind2=" ">
    <subfield code="a">Nagai-Berthrong, E.</subfield>
    <subfield code="d">1946-</subfield>
    <subfield code="q">(Evelyn)</subfield>
    <subfield code="9">26350</subfield>
  </datafield>
  <datafield tag="710" ind1="2" ind2=" ">
    <subfield code="a">Royal Ontario Museum</subfield>
    <subfield code="9">26351</subfield>
  </datafield>
  <datafield tag="902" ind1=" " ind2=" ">
    <subfield code="a">GRL</subfield>
  </datafield>
  <datafield tag="942" ind1=" " ind2=" ">
    <subfield code="2">lcc</subfield>
    <subfield code="c">B</subfield>
  </datafield>
  <datafield tag="999" ind1=" " ind2=" ">
    <subfield code="c">10086</subfield>
    <subfield code="d">10086</subfield>
  </datafield>
  <datafield tag="952" ind1=" " ind2=" ">
    <subfield code="0">0</subfield>
    <subfield code="1">0</subfield>
    <subfield code="4">0</subfield>
    <subfield code="7">0</subfield>
    <subfield code="a">BRL</subfield>
    <subfield code="b">BRL</subfield>
    <subfield code="d">2013-12-17</subfield>
    <subfield code="i">Au1657</subfield>
    <subfield code="l">0</subfield>
    <subfield code="o">HF3752 .V65 1983 (Au1657)</subfield>
    <subfield code="p">GRL01411</subfield>
    <subfield code="r">2019-03-22 00:00:00</subfield>
    <subfield code="w">2019-03-22</subfield>
    <subfield code="y">B</subfield>
  </datafield>
</record>
